[Event "Rated Blitz game"]
[Site "?"]
[Date "2021.10.23"]
[Round "?"]
[White "Campeondepaz"]
[Black "sillierchess"]
[Result "0-1"]
[WhiteElo "2354"]
[BlackElo "2465"]
[PlyCount "36"]
[EventDate "2021.??.??"]
[EventType "blitz"]

1. e4 e5 2. Nf3 d5 3. exd5 Bd6 4. d4 e4 5. Ne5 Nf6 6. Nc3 O-O 7. Be2 Re8 8. Bf4
Nbd7 9. Nxd7 Bxf4 10. Nxf6+ Qxf6 11. O-O Qh6 12. g3 Bd6 13. Bg4 f5 14. Be2 f4
15. Re1 e3 16. Bf3 exf2+ 17. Kxf2 Qxh2+ 18. Kf1 Bh3+ {Normal} 0-1

[Event "Rated Blitz tournament autumn21"]
[Site "?"]
[Date "2021.10.23"]
[Round "?"]
[White "RusChessCoach"]
[Black "MischieviousPawn"]
[Result "1-0"]
[WhiteElo "2513"]
[BlackElo "2393"]
[PlyCount "92"]
[EventDate "2021.??.??"]
[EventType "blitz"]

1. e4 e5 2. Nf3 d5 3. Nxe5 Bd6 4. d4 dxe4 5. Nc4 Nf6 6. Nc3 Nc6 7. h3 Bf5 8. g4
Bg6 9. Bg2 Qe7 10. O-O O-O-O 11. Nb5 Nd5 12. Ncxd6+ cxd6 13. c4 Nc7 14. a4 h5
15. d5 Ne5 16. g5 Kb8 17. Be3 a6 18. Nxc7 Qxc7 19. Rc1 f5 20. c5 Qf7 21. c6 f4
22. c7+ Ka8 23. cxd8=Q+ Rxd8 24. Bb6 Rb8 25. Rc7 Qf5 26. Qe2 Rf8 27. Rfc1 Nd3
28. R1c3 f3 29. Bxf3 exf3 30. Qxd3 Qxg5+ 31. Kf1 Bxd3+ 32. Rxd3 Qg2+ 33. Ke1
Re8+ 34. Kd2 Qxf2+ 35. Kc3 Qe1+ 36. Kb3 f2 37. Rdc3 Qd1+ 38. Ka3 Rb8 39. Bxf2
Qxd5 40. Bb6 Qe6 41. a5 d5 42. b4 d4 43. Bxd4 Qd6 44. Bb6 Re8 45. Rc8+ Qb8 46.
Rxb8+ Kxb8 {Normal} 1-0

[Event "Rated Blitz game"]
[Site "?"]
[Date "2021.10.23"]
[Round "?"]
[White "chesssupersam"]
[Black "KamranShirazi"]
[Result "1-0"]
[WhiteElo "2424"]
[BlackElo "2614"]
[PlyCount "95"]
[EventDate "2021.??.??"]
[EventType "blitz"]

1. e4 e5 2. Nf3 d5 3. Nxe5 Bd6 4. d4 dxe4 5. Nc4 Nc6 6. Nc3 Bb4 7. Be3 f5 8.
Be2 Nf6 9. O-O O-O 10. d5 Bxc3 11. dxc6 Bb4 12. cxb7 Bxb7 13. c3 Be7 14. Qb3
Bd5 15. Rfd1 c6 16. Qa4 Qc7 17. g3 Ng4 18. Bf4 Qc8 19. Bxg4 fxg4 20. Ne3 Qe6
21. c4 g5 22. cxd5 cxd5 23. Bc7 Bc5 24. Qb3 Bxe3 25. Qxe3 Qe7 26. Ba5 Rf3 27.
Qd4 Rf5 28. Bc3 Raf8 29. Qh8+ Kf7 30. Qg7+ Ke6 31. Qxe7+ Kxe7 32. Bb4+ Ke6 33.
Bxf8 Rxf8 34. Rac1 h5 35. Rc6+ Ke5 36. Rc5 Rd8 37. Ra5 Rd7 38. b4 h4 39. a4 h3
40. Rc5 a6 41. b5 axb5 42. axb5 Rd6 43. b6 Rxb6 44. Rcxd5+ Ke6 45. Rxg5 Rb2 46.
Rxg4 Kf5 47. Rf4+ Ke5 48. Re1 {Time forfeit} 1-0

[Event "Rated Blitz game"]
[Site "?"]
[Date "2021.10.23"]
[Round "?"]
[White "lowbat3100"]
[Black "bja555"]
[Result "0-1"]
[WhiteElo "2386"]
[BlackElo "2529"]
[PlyCount "70"]
[EventDate "2021.??.??"]
[EventType "blitz"]

1. e4 e5 2. Nf3 d5 3. d4 dxe4 4. Nxe5 Bd6 5. Nc4 Nf6 6. Be2 O-O 7. O-O Nc6 8.
c3 Re8 9. Bg5 Bf5 10. Ne3 Bg6 11. Ng4 Be7 12. Bf4 Nxg4 13. Bxg4 Bd6 14. Qc1 Ne7
15. Bxd6 cxd6 16. f3 f5 17. Bh3 d5 18. fxe4 dxe4 19. Na3 Rc8 20. Nc2 Nd5 21.
Bxf5 Bxf5 22. Rxf5 e3 23. Qe1 Qd7 24. Rf3 Re4 25. Qg3 e2 26. Re1 Rce8 27. c4
Nb6 28. b3 Nc8 29. d5 Nd6 30. Nb4 Nf5 31. Qh3 Qd6 32. Nd3 Nd4 33. Rf2 Re3 34.
Qg4 Rxd3 35. Qf5 Nxf5 {Time forfeit} 0-1

[Event "Rated Blitz tournament autumn21"]
[Site "?"]
[Date "2021.10.23"]
[Round "?"]
[White "HEISENBERG_1956"]
[Black "MischieviousPawn"]
[Result "1-0"]
[WhiteElo "2515"]
[BlackElo "2392"]
[PlyCount "73"]
[EventDate "2021.??.??"]
[EventType "blitz"]

1. e4 e5 2. Nf3 d5 3. d4 dxe4 4. Nxe5 Bd6 5. Nxf7 Kxf7 6. Bc4+ Be6 7. Bxe6+
Kxe6 8. O-O Nf6 9. f3 exf3 10. Qxf3 Re8 11. Qb3+ Kd7 12. Qh3+ Ke7 13. Bg5 Nbd7
14. Nc3 Qb8 15. Rae1+ Kd8 16. Rxe8+ Kxe8 17. Qe6+ Kf8 18. Nd5 Qe8 19. Qf5 Qf7
20. g3 Kg8 21. Nxf6+ Nxf6 22. Bxf6 Qxf6 23. Qd5+ Kf8 24. Rxf6+ gxf6 25. Qf5 Kg7
26. Qd7+ Kh8 27. c4 b6 28. b4 Bxb4 29. Qxc7 Re8 30. Qd7 Re2 31. Qf7 Bc3 32.
Qxf6+ Kg8 33. Qg5+ Kh8 34. Qd8+ Kg7 35. Qc7+ Kh8 36. Qc8+ Kg7 37. Qg4+ {Normal}
1-0

[Event "Rated Blitz tournament autumn21"]
[Site "?"]
[Date "2021.10.23"]
[Round "?"]
[White "sparrow_1"]
[Black "Maltinho"]
[Result "1/2-1/2"]
[WhiteElo "2443"]
[BlackElo "2578"]
[PlyCount "49"]
[EventDate "2021.??.??"]
[EventType "blitz"]

1. e4 e5 2. Nf3 d5 3. d4 dxe4 4. Nxe5 Bd6 5. Nc4 Nf6 6. Nxd6+ Qxd6 7. Nc3 O-O
8. Be2 Re8 9. Be3 Nc6 10. O-O Bf5 11. a3 Rad8 12. Nb5 Qe7 13. Nc3 Ne5 14. Qc1
Neg4 15. Bg5 Qd6 16. g3 Qxd4 17. h3 Ne5 18. Qf4 Bxh3 19. Bxf6 gxf6 20. Nxe4 Ng6
21. Nxf6+ Kf8 22. Qxd4 Rxd4 23. Nxe8 Bxf1 24. Bxf1 Kxe8 25. Bd3 {Normal}
1/2-1/2

[Event "Rated Blitz game"]
[Site "?"]
[Date "2021.10.23"]
[Round "?"]
[White "OJoe44"]
[Black "Snowvaz"]
[Result "1-0"]
[WhiteElo "2467"]
[BlackElo "2472"]
[PlyCount "123"]
[EventDate "2021.??.??"]
[EventType "blitz"]

1. e4 e5 2. Nf3 d5 3. Nxe5 Qe7 4. d4 f6 5. Nf3 dxe4 6. Nfd2 f5 7. Bc4 Be6 8.
O-O Nf6 9. Bxe6 Qxe6 10. c4 Nbd7 11. Nc3 c6 12. Re1 Bd6 13. Nf1 O-O 14. Bg5 h6
15. d5 cxd5 16. cxd5 Qf7 17. Be3 Ne5 18. h3 Rfd8 19. Qb3 Kh7 20. Rad1 Qh5 21.
Ne2 Nf3+ 22. gxf3 exf3 23. Nd4 Qg6+ 24. Ng3 Bxg3 25. Nxf3 Bd6+ 26. Kf1 Qh5 27.
Ng1 Bh2 28. Bc5 Ne4 29. Be7 Rd7 30. d6 Bxd6 31. Bxd6 Rxd6 32. Rxd6 Nxd6 33. Qd5
Ne4 34. f3 Nf6 35. Qxb7 Rd8 36. Re2 Rd1+ 37. Re1 Rxe1+ 38. Kxe1 Qh4+ 39. Kf1
Qc4+ 40. Kg2 Qxa2 41. Qb5 Qe6 42. Kf2 Nh5 43. Ne2 Kg6 44. Qd3 Qe5 45. Qa6+ Kh7
46. Qxa7 Qh2+ 47. Ke3 Qxh3 48. Qc5 Qh4 49. b4 Qf6 50. b5 f4+ 51. Kd3 Qg6+ 52.
Kc3 Ng3 53. Nd4 Qf6 54. b6 Ne2+ 55. Kd3 Nxd4 56. Qxd4 Qc6 57. Qe4+ Qxe4+ 58.
Kxe4 g5 59. b7 h5 60. b8=Q h4 61. Qc7+ Kh6 62. Kf5 {Time forfeit} 1-0

[Event "Rated Blitz tournament autumn21"]
[Site "?"]
[Date "2021.10.23"]
[Round "?"]
[White "Genius_of_the_game"]
[Black "MischieviousPawn"]
[Result "1-0"]
[WhiteElo "2553"]
[BlackElo "2368"]
[PlyCount "83"]
[EventDate "2021.??.??"]
[EventType "blitz"]

1. e4 e5 2. Nf3 d5 3. exd5 e4 4. Qe2 Nf6 5. d3 Qxd5 6. Nc3 Qa5 7. Nd2 Be6 8.
Ndxe4 Nc6 9. Nxf6+ gxf6 10. Be3 O-O-O 11. Qd2 Rg8 12. g3 Bd5 13. Nxd5 Qxd5 14.
Rg1 f5 15. Bg2 Qe6 16. a3 Bg7 17. c3 f4 18. gxf4 Qb3 19. Bxc6 Bxc3 20. Qxc3
Qxc3+ 21. bxc3 Rxg1+ 22. Kd2 Rxa1 23. Be4 Rxa3 24. Bxh7 Rh8 25. Bf5+ Kb8 26. h3
a6 27. Bd4 Ra2+ 28. Ke3 Rh4 29. Bf6 Rh6 30. Bg5 Rc6 31. c4 b5 32. Be4 Re6 33.
f5 Re8 34. cxb5 axb5 35. Bf6 b4 36. Kf3 Ra5 37. h4 b3 38. d4 b2 39. h5 Rxe4 40.
h6 b1=Q 41. h7 Qd3+ 42. Kg2 {Time forfeit} 1-0

[Event "Rated Blitz game"]
[Site "?"]
[Date "2021.10.23"]
[Round "?"]
[White "Chesskiller2016"]
[Black "sillierchess"]
[Result "1-0"]
[WhiteElo "2347"]
[BlackElo "2470"]
[PlyCount "75"]
[EventDate "2021.??.??"]
[EventType "blitz"]

1. e4 e5 2. Nf3 d5 3. d4 dxe4 4. Nxe5 Bd6 5. Nc4 h6 6. Nc3 Nf6 7. Nxd6+ Qxd6 8.
Be2 Nc6 9. Nb5 Qe7 10. d5 Ne5 11. d6 cxd6 12. Qxd6 Qxd6 13. Nxd6+ Ke7 14. Nxc8+
Raxc8 15. c3 Nd5 16. Be3 f5 17. O-O-O Rhd8 18. Bd4 Ke6 19. Rhe1 Nf4 20. Bf1 g5
21. g3 Nfg6 22. Kb1 Nf3 23. Re3 Nxh2 24. Bh3 g4 25. Bg2 Nf3 26. Bxf3 gxf3 27.
Rh1 Rxd4 28. cxd4 Rh8 29. g4 Kd5 30. gxf5 Nf4 31. f6 h5 32. f7 Rf8 33. Rh4 Rxf7
34. Rb3 Kxd4 35. Kc2 b6 36. Kd2 Rf5 37. a3 Nd3 38. Rxd3+ {Normal} 1-0

[Event "Rated Blitz tournament autumn21"]
[Site "?"]
[Date "2021.10.23"]
[Round "?"]
[White "RusChessCoach"]
[Black "MischieviousPawn"]
[Result "1-0"]
[WhiteElo "2481"]
[BlackElo "2339"]
[PlyCount "23"]
[EventDate "2021.??.??"]
[EventType "blitz"]

1. e4 e5 2. Nf3 d5 3. Nxe5 Bd6 4. d4 dxe4 5. Nc4 Nf6 6. Nc3 Nc6 7. Be2 Bf5 8.
O-O h6 9. Nxd6+ Qxd6 10. d5 Ne5 11. Nb5 Qe7 12. d6 {Normal} 1-0

[Event "Rated Blitz tournament autumn21"]
[Site "?"]
[Date "2021.10.23"]
[Round "?"]
[White "Lightlike"]
[Black "MischieviousPawn"]
[Result "1-0"]
[WhiteElo "2625"]
[BlackElo "2320"]
[PlyCount "95"]
[EventDate "2021.??.??"]
[EventType "blitz"]

1. e4 e5 2. Nf3 d5 3. Nxe5 Bd6 4. d4 dxe4 5. Nc4 Nf6 6. Nc3 Nc6 7. Bg5 Bf5 8.
Qd2 h6 9. Be3 O-O 10. h3 Bg6 11. g4 a6 12. Bg2 b5 13. Nxd6 Qxd6 14. Ne2 Nd5 15.
c3 Rae8 16. Nf4 Nxe3 17. fxe3 Na5 18. b3 c5 19. O-O cxd4 20. cxd4 Nb7 21. Rac1
Nd8 22. Qf2 Ne6 23. Nxe6 Rxe6 24. Qf4 Qb6 25. Rc5 Rd8 26. Rfc1 a5 27. Qc7 Rb8
28. Qxb6 Rexb6 29. Re5 a4 30. b4 a3 31. Rc3 f6 32. Rec5 Ra6 33. Bf1 Ra4 34.
Rxb5 Rxb4 35. Rxb8+ Rxb8 36. Rxa3 Rb1 37. Kf2 Bf7 38. Ra8+ Kh7 39. Ra7 Rb2+ 40.
Kg3 Bxa2 41. Bg2 Bb1 42. Re7 Re2 43. Bxe4+ Bxe4 44. Rxe4 Kg6 45. Kf3 Rd2 46.
Re7 Rd3 47. h4 Rd1 48. Rxg7+ {Time forfeit} 1-0

[Event "Rated Blitz tournament autumn21"]
[Site "?"]
[Date "2021.10.23"]
[Round "?"]
[White "Archimboldi"]
[Black "Maltinho"]
[Result "1/2-1/2"]
[WhiteElo "2206"]
[BlackElo "2524"]
[PlyCount "88"]
[EventDate "2021.??.??"]
[EventType "blitz"]

1. e4 e5 2. Nf3 d5 3. Nxe5 Bd6 4. d4 dxe4 5. Nc3 Bxe5 6. dxe5 Qxd1+ 7. Kxd1 Nc6
8. Nxe4 Bf5 9. Ng3 O-O-O+ 10. Bd2 Bg4+ 11. f3 Be6 12. f4 Nge7 13. Bd3 g6 14.
Ke2 h5 15. Ne4 Nd5 16. g3 Bg4+ 17. Kf2 Ndb4 18. Be3 Nxd3+ 19. cxd3 Rxd3 20. Ng5
Be6 21. Nxe6 fxe6 22. Rhd1 Rhd8 23. Ke2 Rxd1 24. Rxd1 Rxd1 25. Kxd1 Ne7 26. Kc2
b6 27. Kd3 Kd7 28. Ke4 c5 29. h3 Kc6 30. g4 hxg4 31. hxg4 a6 32. b3 b5 33. Bd2
b4 34. Be1 a5 35. Bh4 Nd5 36. f5 gxf5+ 37. gxf5 Kd7 38. fxe6+ Kxe6 39. Bd8 Nc3+
40. Kd3 Nxa2 41. Bxa5 Kxe5 42. Kc4 Nc1 43. Bxb4 cxb4 44. Kxb4 Nxb3 {Normal}
1/2-1/2

[Event "Rated Blitz tournament autumn21"]
[Site "?"]
[Date "2021.10.23"]
[Round "?"]
[White "JCPenney"]
[Black "Artem_0degov"]
[Result "1-0"]
[WhiteElo "2702"]
[BlackElo "2489"]
[PlyCount "77"]
[EventDate "2021.??.??"]
[EventType "blitz"]

1. e4 e5 2. Nf3 d5 3. Nxe5 Bd6 4. d4 dxe4 5. Bc4 Bxe5 6. Qh5 Qe7 7. Qxe5 Qxe5
8. dxe5 Nc6 9. Bf4 Nge7 10. e6 Bxe6 11. Bxe6 fxe6 12. Nc3 Nd5 13. Nxd5 exd5 14.
Bxc7 Rc8 15. Bg3 Nd4 16. Kd1 Kd7 17. c3 Nf5 18. Kd2 h5 19. Bf4 Rhf8 20. Rad1
Ke6 21. Bg5 Nd6 22. Rhf1 Nc4+ 23. Kc2 Ne5 24. Rd2 b5 25. Kb3 a5 26. Re1 a4+ 27.
Kb4 Rc4+ 28. Ka3 Rb8 29. Re3 b4+ 30. cxb4 Rcxb4 31. b3 axb3 32. axb3 R4b5 33.
Ka2 Kf5 34. Rg3 Nd3 35. Rdxd3 exd3 36. Bh4 Rxb3 37. Rf3+ Kg4 38. Bd8 d2 39. h3#
{Normal} 1-0

[Event "Rated Blitz game"]
[Site "?"]
[Date "2021.10.23"]
[Round "?"]
[White "Travolta10"]
[Black "Annali-annaliew1979"]
[Result "1-0"]
[WhiteElo "2442"]
[BlackElo "2434"]
[PlyCount "111"]
[EventDate "2021.??.??"]
[EventType "blitz"]

1. e4 e5 2. Nf3 d5 3. Nxe5 Qe7 4. d4 f6 5. Nf3 dxe4 6. Nfd2 f5 7. c3 Nf6 8. Nb3
Nc6 9. Bg5 Be6 10. Nc5 Bc8 11. Bb5 a6 12. Bxc6+ bxc6 13. Qa4 Qd6 14. g3 Nd5 15.
Nd2 Qg6 16. O-O-O Bxc5 17. dxc5 O-O 18. h4 h6 19. Bf4 Bd7 20. Nc4 Be8 21. Ne5
Qe6 22. Rhg1 a5 23. Kb1 Kh7 24. Ka1 Ra6 25. Qc4 Ra8 26. a3 a4 27. f3 exf3 28.
Nxf3 Bh5 29. Rde1 Qc8 30. Nd4 Qa6 31. Qxa6 Rxa6 32. Re6 Rf6 33. Rxf6 Nxf6 34.
Bxc7 Ne4 35. Bf4 Ra5 36. Bd6 Nxd6 37. cxd6 Rd5 38. Nxc6 Rxd6 39. Nd4 Rd5 40.
Re1 Bg4 41. Re7 Bd1 42. Ra7 Kg6 43. Kb1 Re5 44. Kc1 Bg4 45. Rxa4 Re1+ 46. Kd2
Rg1 47. c4 Rg2+ 48. Kc3 Rxg3+ 49. Kb4 Rg1 50. Ra6+ Kh5 51. b3 Rc1 52. c5 Rd1
53. Ne6 Rd8 54. Nxd8 f4 55. c6 f3 56. c7 {Time forfeit} 1-0

[Event "Rated Blitz tournament 2OSvwGvL"]
[Site "?"]
[Date "2021.10.23"]
[Round "?"]
[White "snayperchess"]
[Black "barry-allen"]
[Result "1-0"]
[WhiteElo "2648"]
[BlackElo "2352"]
[PlyCount "87"]
[EventDate "2021.??.??"]
[EventType "blitz"]

1. e4 e5 2. Nf3 d5 3. exd5 e4 4. Qe2 Nf6 5. d3 Qxd5 6. Nc3 Bb4 7. Bd2 Bxc3 8.
Bxc3 O-O 9. dxe4 Nxe4 10. Qc4 Nxc3 11. Qxc3 Re8+ 12. Be2 Nc6 13. Qd3 Qxd3 14.
cxd3 Nb4 15. Kd2 Bf5 16. a3 Nxd3 17. Bxd3 Rad8 18. Ne1 Rd7 19. Rc1 Red8 20. Rc3
c5 21. Ke2 Re8+ 22. Kf3 Bxd3 23. Rxd3 Rde7 24. Nc2 b6 25. Re3 g6 26. Rhe1 Rxe3+
27. Rxe3 Rd8 28. Ke2 Rd7 29. Rd3 Re7+ 30. Kd2 Kg7 31. Ne3 h5 32. a4 Rc7 33. a5
Rb7 34. a6 Rc7 35. Nc4 Re7 36. f4 Kf6 37. Ne5 Kf5 38. g3 h4 39. Rd7 Rxd7+ 40.
Nxd7 hxg3 41. hxg3 Kg4 42. Nxb6 Kxg3 43. Nc8 Kxf4 44. Nxa7 {Normal} 1-0

[Event "Rated Blitz tournament 2OSvwGvL"]
[Site "?"]
[Date "2021.10.23"]
[Round "?"]
[White "ivankovalenko-87"]
[Black "DOOGE228"]
[Result "0-1"]
[WhiteElo "2352"]
[BlackElo "2440"]
[PlyCount "22"]
[EventDate "2021.??.??"]
[EventType "blitz"]

1. e4 e5 2. Nf3 d5 3. exd5 e4 4. Qe2 Nf6 5. Nc3 Be7 6. Nxe4 O-O 7. Nc3 Re8 8.
Kd1 Bd6 9. Qc4 Ng4 10. Qd4 c5 11. dxc6 Nxc6 {Normal} 0-1

[Event "Rated Blitz game"]
[Site "?"]
[Date "2021.10.23"]
[Round "?"]
[White "Campeondepaz"]
[Black "sillierchess"]
[Result "0-1"]
[WhiteElo "2358"]
[BlackElo "2466"]
[PlyCount "104"]
[EventDate "2021.??.??"]
[EventType "blitz"]

1. e4 e5 2. Nf3 d5 3. exd5 Bd6 4. d4 e4 5. Ne5 Nf6 6. Bb5+ c6 7. dxc6 bxc6 8.
Nxc6 Qb6 9. Ba4 Nxc6 10. d5 O-O 11. Bxc6 Ba6 12. Nc3 Bc5 13. Be3 Bxe3 14. fxe3
Qxe3+ 15. Ne2 Rab8 16. b3 Ng4 17. Qd2 Qf2+ 18. Kd1 Qxg2 19. Re1 Nxh2 20. Nd4
Qg4+ 21. Kc1 Nf3 22. Nxf3 exf3 23. Kb2 Rb4 24. c3 Rf4 25. c4 Rb8 26. Qe3 h5 27.
Bd7 Qg5 28. Rg1 Qf6+ 29. Qc3 f2 30. Qxf6 Rxf6 31. Rh1 Bxc4 32. Bh3 Bxd5 33.
Rhf1 g5 34. Rad1 Bc6 35. Rd2 g4 36. Bxg4 hxg4 37. Rdxf2 Rxf2+ 38. Rxf2 Bf3 39.
Kc3 f5 40. Kd4 Kf7 41. Ke5 Kg6 42. Kf4 Rb4+ 43. Kg3 Kg5 44. Rf1 f4+ 45. Kf2 Bc6
46. Rc1 g3+ 47. Kg1 Rb6 48. Rc5+ Kg4 49. Rc4 Bb5 50. Rc8 Kf3 51. Rf8 Re6 52.
Re8 Rxe8 {Normal} 0-1

[Event "Rated Blitz tournament autumn21"]
[Site "?"]
[Date "2021.10.23"]
[Round "?"]
[White "VariantsOnly"]
[Black "MischieviousPawn"]
[Result "1-0"]
[WhiteElo "2552"]
[BlackElo "2298"]
[PlyCount "49"]
[EventDate "2021.??.??"]
[EventType "blitz"]

1. e4 e5 2. Nf3 d5 3. d4 dxe4 4. Nxe5 Bd6 5. Bc4 Bxe5 6. Qh5 Qe7 7. dxe5 Nc6 8.
Nc3 Nxe5 9. Bb3 Nf6 10. Qh4 Bf5 11. Bg5 O-O-O 12. O-O h6 13. Bxf6 gxf6 14. Nxe4
Rhg8 15. Ng3 Be6 16. Rfe1 Rg5 17. f4 Rg4 18. Qxh6 Qc5+ 19. Kh1 Rxg3 20. fxe5
Rg6 21. Bxe6+ Kb8 22. Qh7 Qxc2 23. Bh3 fxe5 24. Qxf7 Rf8 25. Qxf8# {Normal} 1-0

[Event "Rated Blitz tournament autumn21"]
[Site "?"]
[Date "2021.10.23"]
[Round "?"]
[White "opponentofyou"]
[Black "MischieviousPawn"]
[Result "1-0"]
[WhiteElo "2417"]
[BlackElo "2348"]
[PlyCount "87"]
[EventDate "2021.??.??"]
[EventType "blitz"]

1. e4 e5 2. Nf3 d5 3. Nxe5 Bd6 4. d4 dxe4 5. Nc4 Nf6 6. Nc3 Nc6 7. Be2 Bf5 8.
Bg5 h6 9. Bh4 Qe7 10. Nd5 Qd8 11. Nxf6+ gxf6 12. c3 Qe7 13. Qb3 O-O-O 14. Ne3
Bg6 15. Nd5 Qe6 16. Bxf6 Na5 17. Qb5 c6 18. Qxa5 cxd5 19. Bxh8 Rxh8 20. Qxa7 f5
21. Qa8+ Bb8 22. O-O-O Qc6 23. Qa3 Bd6 24. Qb3 f4 25. Qb5 f3 26. gxf3 Bf4+ 27.
Rd2 Qe6 28. Qc5+ Kb8 29. Rg1 Bh5 30. fxe4 Bxe2 31. Qxd5 Qxd5 32. exd5 Bf3 33.
Kc2 Bxd2 34. Kxd2 Re8 35. c4 Re2+ 36. Kd3 Rxf2 37. Ke3 Rg2 38. Rf1 Bh5 39. Rf8+
Ka7 40. Rh8 Rxb2 41. Rxh6 Rxa2 42. Rxh5 Ra3+ 43. Ke4 Ra2 44. h3 {Time forfeit}
1-0

[Event "Rated Blitz tournament autumn21"]
[Site "?"]
[Date "2021.10.23"]
[Round "?"]
[White "Ragehunter"]
[Black "Artem_0degov"]
[Result "1-0"]
[WhiteElo "2600"]
[BlackElo "2495"]
[PlyCount "87"]
[EventDate "2021.??.??"]
[EventType "blitz"]

1. e4 e5 2. Nf3 d5 3. exd5 e4 4. Qe2 Nf6 5. d3 Bb4+ 6. c3 O-O 7. dxe4 Bd6 8.
Bg5 Re8 9. Nbd2 h6 10. Bxf6 Qxf6 11. Nc4 Nd7 12. Nxd6 cxd6 13. O-O-O Nc5 14.
Nd2 b5 15. Qf3 Qe7 16. Bxb5 Bd7 17. Bxd7 Qxd7 18. Nb3 Nxe4 19. Rhe1 Ng5 20.
Rxe8+ Rxe8 21. Qd3 Qg4 22. g3 Nf3 23. h4 Ne5 24. Qd4 Qe2 25. Rd2 Qe1+ 26. Rd1
Qe2 27. Qd2 Qa6 28. a3 Rb8 29. Qc2 Nc4 30. Rd4 Ne5 31. Nd2 Rc8 32. f4 Ng4 33.
Qd3 Qb6 34. Kb1 Nf6 35. Ne4 Nd7 36. Rb4 Qc7 37. Qa6 Nb6 38. Nxd6 Rd8 39. Nb5
Qe7 40. Qxa7 Qe1+ 41. Ka2 Nxd5 42. Rd4 Qe2 43. Qc5 Qg2 44. c4 {Normal} 1-0

[Event "Rated Blitz game"]
[Site "?"]
[Date "2021.10.23"]
[Round "?"]
[White "micfel"]
[Black "Dzon_Vejn"]
[Result "1-0"]
[WhiteElo "2473"]
[BlackElo "2522"]
[PlyCount "59"]
[EventDate "2021.??.??"]
[EventType "blitz"]

1. e4 e5 2. Nf3 d5 3. Nxe5 Bd6 4. d4 dxe4 5. Bf4 Nf6 6. Nc3 O-O 7. Bc4 Nc6 8.
Nxc6 bxc6 9. Bg5 Bf5 10. O-O h6 11. Bh4 Rb8 12. Bb3 Rb4 13. a3 Rxd4 14. Qe2 Qe7
15. Rad1 Be5 16. Qe3 Rfd8 17. Rxd4 Bxd4 18. Qf4 Bg6 19. Qg3 e3 20. Qxg6 exf2+
21. Bxf2 Bxf2+ 22. Rxf2 Qe1+ 23. Rf1 Qe3+ 24. Kh1 Rd6 25. Qxf7+ Kh8 26. h3 Kh7
27. Rf3 Qe1+ 28. Kh2 Qe5+ 29. Rg3 Nh5 30. Qg8# {Normal} 1-0

[Event "Rated Blitz game"]
[Site "?"]
[Date "2021.10.23"]
[Round "?"]
[White "mostafaghazy80"]
[Black "elrond"]
[Result "1-0"]
[WhiteElo "2269"]
[BlackElo "2456"]
[PlyCount "37"]
[EventDate "2021.??.??"]
[EventType "blitz"]

1. e4 e5 2. Nf3 d5 3. Nxe5 dxe4 4. d4 exd3 5. Bxd3 Nf6 6. Bb5+ Nbd7 7. O-O Bd6
8. Nxd7 Bxd7 9. Re1+ Kf8 10. Bxd7 Qxd7 11. c4 Rd8 12. Nc3 Qf5 13. g3 h5 14. Bf4
h4 15. Re5 Qh3 16. Rg5 hxg3 17. Bxg3 Rd7 18. Qf3 Nh5 19. Bxd6+ {Normal} 1-0

[Event "Rated Blitz tournament autumn21"]
[Site "?"]
[Date "2021.10.23"]
[Round "?"]
[White "Intnl_GrandPatzer"]
[Black "Artem_0degov"]
[Result "0-1"]
[WhiteElo "2222"]
[BlackElo "2647"]
[PlyCount "28"]
[EventDate "2021.??.??"]
[EventType "blitz"]

1. e4 e5 2. Nf3 d5 3. exd5 e4 4. Ne5 Qxd5 5. d4 exd3 6. Nxd3 Nf6 7. Be2 Nc6 8.
O-O Bd6 9. Bf3 Qa5 10. Re1+ Be6 11. Nf4 O-O-O 12. Qe2 Rhe8 13. Nxe6 Rxe6 14.
Qf1 Rxe1 {Normal} 0-1

[Event "Rated Blitz tournament autumn21"]
[Site "?"]
[Date "2021.10.23"]
[Round "?"]
[White "DrChessAlawi"]
[Black "Artem_0degov"]
[Result "1-0"]
[WhiteElo "2579"]
[BlackElo "2558"]
[PlyCount "109"]
[EventDate "2021.??.??"]
[EventType "blitz"]

1. e4 e5 2. Nf3 d5 3. exd5 e4 4. Nd4 Qxd5 5. Nb3 Nf6 6. Nc3 Qe5 7. Be2 Bd6 8.
d4 exd3 9. Qxd3 Nc6 10. Qe3 Bf5 11. Qxe5+ Bxe5 12. O-O O-O-O 13. Be3 Bxc2 14.
Nc5 Rhe8 15. Bb5 Ng4 16. Rac1 Bxh2+ 17. Kh1 Bf5 18. Ne2 Bd7 19. Nxd7 Rxd7 20.
Nd4 Nxd4 21. Bxd7+ Kxd7 22. Bxd4 Be5 23. Rcd1 Kc8 24. f3 Bxd4 25. Rxd4 Nf6 26.
Rfd1 c6 27. R1d2 Kc7 28. b4 h6 29. a4 a6 30. Kh2 Re7 31. Rc2 Rd7 32. Rdc4 Nd5
33. Rc1 Kb6 34. Re4 Re7 35. a5+ Kc7 36. Rd4 Kd6 37. Kg3 Re2 38. Rcd1 f5 39. Kh3
f4 40. Re4 Re3 41. Rxf4 Ke5 42. Rf7 g5 43. Rxb7 Rb3 44. Re1+ Kf5 45. g4+ Kg6
46. Re6+ Nf6 47. Kg3 h5 48. gxh5+ Kf5 49. Rxf6+ Kxf6 50. Rb6 Kf5 51. h6 Kg6 52.
Rxc6+ Kh7 53. Rb6 Rxb4 54. Rxb4 Kxh6 55. Kg4 {Time forfeit} 1-0

[Event "Rated Blitz game"]
[Site "?"]
[Date "2021.10.23"]
[Round "?"]
[White "danikoshvili"]
[Black "KamranShirazi"]
[Result "0-1"]
[WhiteElo "2549"]
[BlackElo "2598"]
[PlyCount "144"]
[EventDate "2021.??.??"]
[EventType "blitz"]

1. e4 e5 2. Nf3 d5 3. Nxe5 Bd6 4. d4 dxe4 5. Nc4 Nc6 6. Be3 f5 7. f4 exf3 8.
Qxf3 Nf6 9. Nc3 O-O 10. O-O-O f4 11. Nxd6 Bg4 12. Bc4+ Kh8 13. Qxf4 cxd6 14.
Rde1 Na5 15. Bd3 Rc8 16. Ne4 Bh5 17. Nxf6 Rxf6 18. Qh4 Bg6 19. Bxg6 Rxg6 20.
Qxd8+ Rxd8 21. g3 Nc4 22. Bf4 h6 23. Re7 b5 24. Rhe1 Kh7 25. Rxa7 Rc8 26. Ree7
Nb6 27. Rac7 Ra8 28. Ra7 Rc8 29. Rab7 Nd5 30. Re4 b4 31. Kd2 Rf6 32. Rb5 Nc7
33. Rxb4 g5 34. Be3 Nd5 35. Rb7+ Kg6 36. b3 Nc3 37. Ree7 Nb1+ 38. Kd3 Rc3+ 39.
Ke2 Rxc2+ 40. Kd1 Rxh2 41. Rg7+ Kh5 42. Rgf7 Nc3+ 43. Kc1 Nxa2+ 44. Kb1 Nc3+
45. Kc1 Rxf7 46. Rxf7 Na2+ 47. Kb1 Nc3+ 48. Kc1 d5 49. Bd2 Ne4 50. Kc2 Rxd2+
51. Kb1 Rxd4 52. Rd7 Rd2 53. b4 Rd1+ 54. Kc2 Rd4 55. Kb3 Rc4 56. Ka4 Rc3 57. b5
Rc5 58. Ka5 Rc4 59. Ka6 Ra4+ 60. Kb7 Nc5+ 61. Kc6 Nxd7 62. Kxd7 d4 63. Kc6 d3
64. b6 Rb4 65. b7 Rxb7 66. Kxb7 d2 67. g4+ Kxg4 68. Kb8 d1=Q 69. Kb7 Qd5+ 70.
Kb6 Qd6+ 71. Ka7 Qc5+ 72. Ka8 Qa7+ {Time forfeit} 0-1

[Event "Rated Blitz tournament autumn21"]
[Site "?"]
[Date "2021.10.23"]
[Round "?"]
[White "RusChessCoach"]
[Black "Maltinho"]
[Result "1/2-1/2"]
[WhiteElo "2457"]
[BlackElo "2554"]
[PlyCount "41"]
[EventDate "2021.??.??"]
[EventType "blitz"]

1. e4 e5 2. Nf3 d5 3. Nxe5 Bd6 4. d4 dxe4 5. Nc4 Nf6 6. Nc3 O-O 7. Be2 Nc6 8.
Be3 Bf5 9. h3 Re8 10. Nxd6 cxd6 11. d5 Ne5 12. O-O Rc8 13. Bxa7 Qd7 14. Bd4
Bxh3 15. gxh3 Qxh3 16. f4 Qg3+ 17. Kh1 Qh3+ 18. Kg1 Qg3+ 19. Kh1 Qh3+ 20. Kg1
Qg3+ 21. Kh1 {Normal} 1/2-1/2

[Event "Rated Blitz tournament autumn21"]
[Site "?"]
[Date "2021.10.23"]
[Round "?"]
[White "piotrek212"]
[Black "Artem_0degov"]
[Result "1-0"]
[WhiteElo "2375"]
[BlackElo "2569"]
[PlyCount "37"]
[EventDate "2021.??.??"]
[EventType "blitz"]

1. e4 e5 2. Nf3 d5 3. Nxe5 Bd6 4. d4 dxe4 5. Qh5 g6 6. Qe2 Nf6 7. Nc3 O-O 8.
Nxe4 Nxe4 9. Qxe4 f6 10. Qd5+ Kg7 11. Nd3 Re8+ 12. Be3 Be6 13. Qxb7 Nd7 14. Be2
Rb8 15. Qf3 Nb6 16. O-O Nc4 17. b3 Bd5 18. Qh3 Nxe3 19. fxe3 {Normal} 1-0